Managerial accounting in the hospitality industry (Record no. 124504)
[ view plain ]
| 000 -LEADER | |
|---|---|
| fixed length control field | 00635nam a22001937a 4500 |
| 005 - DATE AND TIME OF LATEST TRANSACTION | |
| control field | 20160330113307.0 |
| 008 - FIXED-LENGTH DATA ELEMENTS--GENERAL INFORMATION | |
| fixed length control field | 160329b xxu||||| |||| 00| 0 eng d |
| 020 ## - INTERNATIONAL STANDARD BOOK NUMBER | |
| International Standard Book Number | 0748715967 |
| 050 ## - LIBRARY OF CONGRESS CALL NUMBER | |
| Classification number | HF5686.H75H37 |
| 100 ## - MAIN ENTRY--PERSONAL NAME | |
| Personal name | Harris, Peter J. |
| 9 (RLIN) | 23449 |
| 245 ## - TITLE STATEMENT | |
| Title | Managerial accounting in the hospitality industry |
| Statement of responsibility, etc | by Harris, Peter J. and Hazzard, Peter A. |
| 250 ## - EDITION STATEMENT | |
| Edition statement | 5th ed. |
| 260 ## - PUBLICATION, DISTRIBUTION, ETC. (IMPRINT) | |
| Place of publication, distribution, etc | Gloucestershire |
| Name of publisher, distributor, etc | Stanley Thornes |
| Date of publication, distribution, etc | 1992 |
| 300 ## - PHYSICAL DESCRIPTION | |
| Extent | 352p.; |
| Dimensions | 24cm. |
| 650 ## - SUBJECT ADDED ENTRY--TOPICAL TERM | |
| Topical term or geographic name as entry element | Hotels |
| Source of heading or term | Accounting |
| 9 (RLIN) | 23450 |
| 650 ## - SUBJECT ADDED ENTRY--TOPICAL TERM | |
| Topical term or geographic name as entry element | Caterers and catering |
| Source of heading or term | Accounting |
| 9 (RLIN) | 23451 |
| 700 ## - ADDED ENTRY--PERSONAL NAME | |
| Personal name | Hazzard, Peter A. |
| 9 (RLIN) | 23452 |
| 942 ## - ADDED ENTRY ELEMENTS (KOHA) | |
| Source of classification or shelving scheme | Library of Congress Classification |
| Item type | Monograph ( Printed materials) |
| Withdrawn status | Lost status | Source of classification or shelving scheme | Damaged status | Not for loan | Collection code | Home library | Current library | Shelving location | Date acquired | Total Checkouts | Full call number | Barcode | Date last seen | Price effective from | Koha item type |
|---|---|---|---|---|---|---|---|---|---|---|---|---|---|---|---|
| Library of Congress Classification | Main Collection | ARRUPE LIBRARY | ARRUPE LIBRARY | Main Collection | 29/03/2016 | HF5686.H75H37 | 46500007103 | 30/04/2018 | 29/03/2016 | Monograph ( Printed materials) |